000 00549nam a2200181Ia 4500
008 240729s9999 xx 000 0 und d
022 _a1687-8345
245 0 _aInternational Journal of Endocrinology
260 _aUnited Kingdom
260 _bHindawi Limited
650 _a Diseases of the endocrine glands. Clinical endocrinology
650 _a Internal medicine
650 _a Specialties of internal medicine
650 _aMedicine
856 _uhttps://doaj.org/toc/dbab7a942aed4fbf87f6353787414c2c
942 _2ddc
942 _cDOAJEJ
999 _c71686
_d71686
945 _a1
_bMadushi Gamage
_c1
_dMadushi Gamage